000 00686nam a22002055i 4500
001 177575
003 ES-MaACL
005 20230906220351.0
008 110404s2005 sp o |||| | spa d
020 _a84-87319-02-5
080 _a821.134.2-14"19"
100 1 _aChacón, José (
_d1910-1988)
_9145952
245 1 0 _aAlrededor
_b: de mí mismo, de mi pueblo, de La Mancha /
_cJosé Chacón García.
260 _aCuenca :
_bDiputación Provincial de Cuenca,
_cD. L. 2005.
300 _a110 p. :
_b1 fot. del autor ;
_c20 cm.
490 1 _aEdiciones provinciales ;
_v31
830 0 _aEdiciones provinciales ;
_v31
_9224197
852 _aES-MaACL
_jE-14783
999 _c177575
_d177575